Normal view
MARC view
Entry Personal Name
001 - CONTROL NUMBER
- control field: 5177
003 - CONTROL NUMBER IDENTIFIER
- control field: BD-RjUL
005 - DATE AND TIME OF LATEST TRANSACTION
- control field: 20221011122351.0
008 - FIXED-LENGTH DATA ELEMENTS
- fixed length control field: 221011|| aca||aabn | a|a d
040 ## - CATALOGING SOURCE
- Original cataloging agency: BD-RjUL
- Transcribing agency: BD-RjUL
100 ## - HEADING--PERSONAL NAME
- Personal name: হক, হাসান আজিজুল
- Dates associated with a name: ১৯৩৯ – ২০২১ খ্রিষ্টাব্দ
- General subdivision: ব্যাখা ও সমালোচনা
- Chronological subdivision: Habib, Ahsan 1917-1985 A. D. -- Biography | বাংলা সাহিত্য -- ইতিহাস ও সমালোচনা | Bengali literture -- History and Criticism
670 ## - SOURCE DATA FOUND
- Source citation: Work cat.: (BD-RjUL)80446: ডিনা, মোছা. সরিফা সালোয়া 5031, হাসান আজিজুল হক ও আখতারুজ্জামান ইলিয়াসের গল্প :, ২০০৩